000 00353 a2200157 4500
001 60001
020 _a9783190318650
040 _cAnchieta - Pituba
100 _aPyreni, Elini
240 1 0 _aAlles klar?
_lpor
245 1 0 _aAlles klar?
300 _a59
362 0 _a2006
650 4 _aLínguas germânicas (teutônicas) língua alemã
942 _cBK
999 _c60001
_d60001